00174 a2200073 450000100060000010000200000624500370002626000370006339883 aVerma Ashok K aLetter Writing for all Occasions aNew DelhibGaurar Publicationsc